[Event "OLNN 1617 Hamburger SK - SSC Rostock"]
[Site "?"]
[Date "2017.05.07"]
[Round "9.1"]
[White "Brynell, Stellan"]
[Black "Uksini, Bardhyl"]
[Result "1-0"]
[WhiteElo "2430"]
[BlackElo "2331"]
[PlyCount "83"]
[EventDate "2017.??.??"]

1. d4 Nf6 2. Nf3 g6 3. c4 Bg7 4. Nc3 d5 5. cxd5 Nxd5 6. e4 Nxc3 7. bxc3 c5 8.
Be3 Qa5 9. Bd2 O-O 10. Be2 Bg4 11. O-O Rd8 12. d5 Bxf3 13. Bxf3 Bxc3 14. Bxc3
Qxc3 15. Rb1 b6 16. e5 Qxe5 17. d6 Na6 18. Bxa8 Rxa8 19. d7 Qc7 20. Qe2 Nb8 21.
Qxe7 Qxd7 22. Rfe1 Qxe7 23. Rxe7 Nc6 24. Rc7 Nd4 25. Kf1 Kf8 26. a4 Ne6 27. Rb7
Nd4 28. Rc1 Ne6 29. g3 Kg8 30. Rc3 Nd8 31. Rd7 Kf8 32. Re3 Ne6 33. h4 h5 34.
Rf3 Nd8 35. Rc7 Ke8 36. Rf6 Kf8 37. Ke1 Ke8 38. Kd2 Kf8 39. Kc3 Ke8 40. Kc4 Kf8
41. Kb5 Ke8 42. Ka6 1-0

[Event "OLNN 1617 Hamburger SK - SSC Rostock"]
[Site "?"]
[Date "2017.05.07"]
[Round "9.2"]
[White "Bente, Bjoern"]
[Black "Rudolf, Henrik"]
[Result "1/2-1/2"]
[WhiteElo "2282"]
[BlackElo "2332"]
[PlyCount "179"]
[EventDate "2017.??.??"]

1. c4 Nf6 2. Nc3 g6 3. e4 d6 4. d4 Bg7 5. Nf3 O-O 6. Be2 e5 7. d5 Nbd7 8. Bg5
h6 9. Bh4 a5 10. O-O Nc5 11. Nd2 g5 12. Bg3 Nh7 13. Nb3 b6 14. Nxc5 bxc5 15.
Bg4 Rb8 16. Nb5 f5 17. Bxf5 Bxf5 18. exf5 Rxf5 19. Rb1 Qd7 20. Qd2 Ra8 21. Qc2
Rf7 22. f3 a4 23. Nc3 Qf5 24. Qxf5 Rxf5 25. Nb5 Rf7 26. Rfe1 Nf6 27. Re2 Kh7
28. Rd1 Kg6 29. Rd3 Nh5 30. Ra3 Nxg3 31. hxg3 e4 32. Rxe4 Bxb2 33. Rae3 a3 34.
Re6+ Kg7 35. Kf1 Ra4 36. R6e4 Rb4 37. Rd3 h5 38. Ke2 Be5 39. Nxa3 Ra4 40. Kf2
Rf8 41. f4 gxf4 42. gxf4 Rxf4+ 43. Rxf4 Bxf4 44. Ke2 Kf6 45. Rc3 Kf5 46. Kd3
Be5 47. Rb3 h4 48. Nc2 Rxa2 49. Rb7 Rb2 50. Rxb2 Bxb2 51. Ke3 Kg4 52. Ne1 Bd4+
53. Ke2 Kf4 54. Nc2 Ke4 55. Na3 Bc3 56. Nb5 Ba5 57. Na7 Bc3 58. Nb5 Be5 59. Kd2
Bf4+ 60. Ke2 Bh2 61. Kd2 Bf4+ 62. Ke2 Bh6 63. Nxc7 Kd4 64. Nb5+ Kxc4 65. Nxd6+
Kxd5 66. Nf5 Bg5 67. Kd3 Ke5 68. Ng7 Bf6 69. Ne8 Be7 70. Nc7 Bd6 71. Nb5 Bb8
72. Nc3 Kf4 73. Ne2+ Kg4 74. Kc4 Bd6 75. Kd5 Bf8 76. Ke4 Bg7 77. Kd5 Bd4 78.
Ke4 Bf2 79. Kd5 Kf5 80. Nc3 Kf4 81. Ne2+ Ke3 82. Nc3 Kd3 83. Ne4 Be3 84. Nd6
Bf2 85. Nc4 Ke2 86. Ne5 Be3 87. Kc4 Bd4 88. Ng6 Bf2 89. Nxh4 Bxh4 90. Kxc5
1/2-1/2

[Event "OLNN 1617 Hamburger SK - SSC Rostock"]
[Site "?"]
[Date "2017.05.07"]
[Round "9.3"]
[White "Skibbe, Willi"]
[Black "Lindinger, Markus"]
[Result "1-0"]
[WhiteElo "2282"]
[BlackElo "2259"]
[PlyCount "41"]
[EventDate "2017.??.??"]

1. d4 Nf6 2. c4 g6 3. Nc3 d5 4. cxd5 Nxd5 5. e4 Nxc3 6. bxc3 Bg7 7. Nf3 c5 8.
Be3 Qa5 9. Qd2 Nd7 10. Bd3 O-O 11. O-O e5 12. d5 f5 13. Bh6 Bxh6 14. Qxh6 Qxc3
15. Rfd1 Nf6 16. Rac1 Qa3 17. d6 Be6 18. Ng5 Bxa2 19. exf5 Rfd8 20. fxg6 Rxd6
21. Ne4 1-0

[Event "OLNN 1617 Hamburger SK - SSC Rostock"]
[Site "?"]
[Date "2017.05.07"]
[Round "9.4"]
[White "Zieher, Hartmut"]
[Black "Jaster, Robert"]
[Result "1-0"]
[WhiteElo "2240"]
[BlackElo "2272"]
[PlyCount "77"]
[EventDate "2017.??.??"]

1. e4 c6 2. d4 d5 3. e5 c5 4. dxc5 Nc6 5. Nf3 Bg4 6. c3 e6 7. Bb5 Nge7 8. Be3
Qc7 9. Nbd2 O-O-O 10. Qa4 Bh5 11. O-O a6 12. Bd3 Bg6 13. Bxg6 Nxg6 14. Rfe1
Ngxe5 15. Nxe5 Nxe5 16. Bf4 Qc6 17. Qd4 Ng6 18. b4 Be7 19. Bg3 Bf6 20. Qd3 e5
21. a4 h5 22. h3 h4 23. Bh2 Rhe8 24. Nb3 d4 25. Na5 Qd5 26. c6 Rd6 27. c4 Qe6
28. cxb7+ Kb8 29. c5 Rd5 30. c6 Rxa5 31. bxa5 Qxc6 32. Qxd4 Rd8 33. Qe3 Qd5 34.
Rab1 Qxa5 35. Rec1 Ne7 36. Rc5 Qd2 37. Bxe5+ Bxe5 38. Qxe5+ Ka7 39. Rc7 1-0

[Event "OLNN 1617 Hamburger SK - SSC Rostock"]
[Site "?"]
[Date "2017.05.07"]
[Round "9.5"]
[White "Pererva, Viktor"]
[Black "Gaede, Derek"]
[Result "0-1"]
[WhiteElo "2085"]
[BlackElo "2320"]
[PlyCount "70"]
[EventDate "2017.??.??"]

1. d4 Nf6 2. c4 e6 3. Nc3 Bb4 4. e3 O-O 5. Nge2 Re8 6. a3 Bf8 7. d5 a5 8. g3
Na6 9. Bg2 Nc5 10. b3 d6 11. O-O exd5 12. cxd5 g6 13. Bb2 Bg7 14. b4 axb4 15.
axb4 Rxa1 16. Bxa1 Na6 17. Qb3 Ng4 18. h3 Ne5 19. Na4 b5 20. Nac3 Bd7 21. Nd4
Nc4 22. Rd1 Qg5 23. Ncxb5 Nxe3 24. Rb1 Nxg2 25. Kxg2 Qd2 26. Qc3 Qh6 27. Qa3
Qxh3+ 28. Kg1 Be5 29. Qxa6 Bxg3 30. Nf3 Re2 31. Bd4 Bxf2+ 32. Bxf2 Qxf3 33. Qa7
Bxb5 34. Qb8+ Be8 35. Qa7 Re5 0-1

[Event "OLNN 1617 Hamburger SK - SSC Rostock"]
[Site "?"]
[Date "2017.05.07"]
[Round "9.6"]
[White "Hinrichs, Lars"]
[Black "Mangold, Thomas"]
[Result "1-0"]
[WhiteElo "2191"]
[BlackElo "2024"]
[PlyCount "83"]
[EventDate "2017.??.??"]

1. e4 e5 2. Nc3 Nf6 3. g3 Bc5 4. Bg2 O-O 5. Nge2 c6 6. O-O d5 7. exd5 cxd5 8.
d4 exd4 9. Nxd4 Bg4 10. Qd3 Nc6 11. Nxc6 bxc6 12. Na4 Bd6 13. Be3 Qa5 14. b3
Nd7 15. Bd4 Ne5 16. Qc3 Qxc3 17. Bxc3 Rfe8 18. f4 Nd7 19. Bd4 Bf5 20. c4 Be4
21. cxd5 cxd5 22. Rac1 Bxg2 23. Kxg2 Re4 24. Bg1 Re2+ 25. Rf2 Rae8 26. Rxe2
Rxe2+ 27. Kf3 Rxa2 28. Rc8+ Nf8 29. Rd8 Bc7 30. Ra8 Bd6 31. Bc5 Bxc5 32. Nxc5
Rxh2 33. Nd7 g6 34. Rxf8+ Kg7 35. Ra8 Rc2 36. Rxa7 Rc3+ 37. Kg4 Rxb3 38. Ne5 d4
39. Rxf7+ Kg8 40. Rd7 Ra3 41. Kg5 Ra6 42. Rxd4 1-0

[Event "OLNN 1617 Hamburger SK - SSC Rostock"]
[Site "?"]
[Date "2017.05.07"]
[Round "9.7"]
[White "Hodl, Ingolf"]
[Black "Schumacher, Norbert"]
[Result "0-1"]
[WhiteElo "1980"]
[BlackElo "2189"]
[PlyCount "130"]
[EventDate "2017.??.??"]

1. e4 c5 2. Nf3 d6 3. d4 cxd4 4. Nxd4 Nf6 5. Nc3 a6 6. Be2 e5 7. Nb3 Be7 8. O-O
O-O 9. Be3 Be6 10. Bf3 Nbd7 11. h3 Rc8 12. Qd2 Qc7 13. Rac1 Nb6 14. Bxb6 Qxb6
15. Rfd1 Rfe8 16. Re1 a5 17. Qe3 Qxe3 18. Rxe3 b6 19. Ree1 Red8 20. Red1 Ne8
21. Re1 Bg5 22. Rcd1 Nc7 23. Bg4 g6 24. Bxe6 fxe6 25. a4 Be7 26. Re2 Na6 27.
Nb5 Rc4 28. Nc3 Nb4 29. Nd2 Rcc8 30. Nf3 Rc5 31. g3 Rdc8 32. h4 h6 33. Kg2 Kg7
34. Rdd2 Rc4 35. Ne1 Na6 36. Nb5 Rxa4 37. Nxd6 Rc6 38. b3 Rd4 39. Nc4 Bb4 40.
Rxd4 exd4 41. Nf3 Bc3 42. Nfe5 Rc5 43. Nd7 Rxc4 44. bxc4 a4 45. f4 a3 46. Rf2
a2 47. Rf1 Nc5 48. Nxb6 Nxe4 49. Na4 a1=Q 50. Rxa1 Bxa1 51. c5 Kf7 52. Kf3 Nf6
53. g4 Nd5 54. Nb6 Ne7 55. Nc4 Nc6 56. Ke4 Ke7 57. Nd6 h5 58. gxh5 gxh5 59. f5
e5 60. Nc4 Bc3 61. Nb6 Nb4 62. Nd5+ Nxd5 63. Kxd5 Kf6 64. c6 Ba5 65. Ke4 Bc7
0-1

[Event "OLNN 1617 Hamburger SK - SSC Rostock"]
[Site "?"]
[Date "2017.05.07"]
[Round "9.8"]
[White "Jantzen, Hans-Joerg"]
[Black "Jeske, Holger"]
[Result "1/2-1/2"]
[WhiteElo "2179"]
[BlackElo "1943"]
[PlyCount "92"]
[EventDate "2017.??.??"]

1. Nf3 d5 2. c4 e6 3. b3 f5 4. Bb2 Nf6 5. g3 Be7 6. Bg2 c6 7. O-O O-O 8. Qc1
Nbd7 9. d4 Ne4 10. Ba3 Bxa3 11. Qxa3 Qf6 12. e3 g5 13. Nbd2 h5 14. Nxe4 dxe4
15. Nd2 g4 16. Rfd1 Kg7 17. Rac1 h4 18. Qd6 e5 19. Qxf6+ Kxf6 20. gxh4 exd4 21.
exd4 Kg6 22. Rc3 Nf6 23. h3 gxh3 24. Bxh3 f4 25. Kh2 Bxh3 26. Kxh3 Kf5 27. Rg1
Rg8 28. Rcc1 Rae8 29. Rxg8 Rxg8 30. Nf1 Rd8 31. Rd1 c5 32. d5 Ng4 33. Rd2 Ne5
34. Nh2 Rd6 35. Kg2 f3+ 36. Kh3 Kf4 37. Nf1 Nd3 38. h5 Rh6 39. Kh4 Ne1 40. Ng3
Ng2+ 41. Kh3 Rd6 42. Rd1 Ke5 43. Kg4 Rd8 44. d6 Rg8+ 45. Kh3 Nf4+ 46. Kh4 Ng2+
1/2-1/2

[Event "OLNN 1617 Lübecker SV - SC Diogenes"]
[Site "?"]
[Date "2017.05.07"]
[Round "9.2"]
[White "Riess, Alexander"]
[Black "Schulenburg, Fabian"]
[Result "1/2-1/2"]
[WhiteElo "2224"]
[BlackElo "2240"]
[PlyCount "87"]
[EventDate "2017.??.??"]

1. d4 d5 2. c4 c6 3. Nf3 Nf6 4. Nc3 dxc4 5. a4 Bf5 6. e3 e6 7. Bxc4 Nbd7 8. O-O
Bd6 9. Qe2 e5 10. Nh4 Be6 11. Bxe6 fxe6 12. dxe5 Nxe5 13. f4 Nf7 14. e4 Bc5+
15. Kh1 O-O 16. Nf3 Qe7 17. e5 Nd5 18. a5 Qd7 19. Bd2 Nh6 20. Ng5 Nf5 21. Qh5
h6 22. Nge4 Be7 23. Rad1 Rad8 24. Bc1 Qe8 25. Qe2 Qg6 26. g4 Nh4 27. Rde1 Bb4
28. a6 b6 29. h3 Rd7 30. Qf2 Be7 31. Be3 Nb4 32. Rd1 Nd3 33. Qe2 Rfd8 34. Nd6
Bxd6 35. Qxd3 Bb4 36. Qxg6 Nxg6 37. Rxd7 Rxd7 38. Rd1 Rxd1+ 39. Nxd1 c5 40. Nf2
Ne7 41. Kg2 Nd5 42. Kf3 Nc7 43. f5 Nxa6 44. fxe6 1/2-1/2

[Event "OLNN 1617 Lübecker SV - SC Diogenes"]
[Site "?"]
[Date "2017.05.07"]
[Round "9.3"]
[White "Korba, Roman"]
[Black "Schmidt, Harald"]
[Result "0-1"]
[WhiteElo "2187"]
[BlackElo "2354"]
[PlyCount "66"]
[EventDate "2017.??.??"]

1. Nf3 f5 2. g3 Nf6 3. Bg2 d6 4. d4 g6 5. b3 Bg7 6. Bb2 O-O 7. O-O c6 8. Nbd2
Na6 9. Re1 Qe8 10. c4 Nc7 11. Qc2 Bd7 12. Rad1 h6 13. e4 f4 14. h3 fxg3 15.
fxg3 Nh5 16. Kh2 e5 17. Nf1 Rd8 18. dxe5 dxe5 19. Rd6 Ne6 20. Nxe5 Bxe5 21.
Bxe5 Ng5 22. Bb2 Bxh3 23. Rxd8 Qxd8 24. Bxh3 Nf3+ 25. Kh1 Nxe1 26. Qc3 Qf6 27.
Qxe1 Qxb2 28. e5 Qf2 29. Qc3 Rf3 30. Qa5 Kg7 31. e6 Nxg3+ 32. Nxg3 Qxg3 33. Bg2
Re3 0-1

[Event "OLNN 1617 Lübecker SV - SC Diogenes"]
[Site "?"]
[Date "2017.05.07"]
[Round "9.4"]
[White "Christ, Ralf"]
[Black "Schulenburg, Torben"]
[Result "1/2-1/2"]
[WhiteElo "2266"]
[BlackElo "2160"]
[PlyCount "52"]
[EventDate "2017.??.??"]

1. Nf3 Nf6 2. c4 g6 3. Nc3 d5 4. Qa4+ Bd7 5. Qb3 dxc4 6. Qxc4 Bg7 7. e4 O-O 8.
d4 b5 9. Qb3 c5 10. dxc5 Na6 11. e5 Ng4 12. e6 Nxc5 13. Qb4 Nxe6 14. Qxg4 Nd4
15. Qxd4 Bxd4 16. Nxd4 b4 17. Ne4 e5 18. Nb3 Bc6 19. Nec5 a5 20. Be3 Qe7 21. f3
Rfd8 22. Be2 a4 23. Nd2 Qh4+ 24. Bf2 Qe7 25. Be3 Qh4+ 26. Bf2 Qe7 1/2-1/2

[Event "OLNN 1617 Lübecker SV - SC Diogenes"]
[Site "?"]
[Date "2017.05.07"]
[Round "9.5"]
[White "Stephan, Axel"]
[Black "Lampe, Dirk"]
[Result "1/2-1/2"]
[WhiteElo "2184"]
[BlackElo "2212"]
[PlyCount "25"]
[EventDate "2017.??.??"]

1. Nf3 Nf6 2. g3 g6 3. Bg2 Bg7 4. O-O O-O 5. c4 d6 6. d4 c6 7. Nc3 Qa5 8. d5
cxd5 9. cxd5 Bd7 10. a3 Rc8 11. Nd4 Na6 12. h3 Be8 13. Be3 {(=)} 1/2-1/2

[Event "OLNN 1617 Lübecker SV - SC Diogenes"]
[Site "?"]
[Date "2017.05.07"]
[Round "9.6"]
[White "Thannheiser, Thomas"]
[Black "Gottuk, Stefan"]
[Result "1/2-1/2"]
[WhiteElo "2236"]
[BlackElo "2207"]
[PlyCount "32"]
[EventDate "2017.??.??"]

1. e4 e6 2. d4 d5 3. Nd2 h6 4. Ngf3 Nf6 5. Bd3 c5 6. c3 Nc6 7. O-O Be7 8. Re1
O-O 9. e5 Nd7 10. dxc5 Bxc5 11. Nb3 Bb6 12. Bc2 f6 13. exf6 Rxf6 14. Be3 Bc7
15. Qd3 Nf8 16. Bd4 Nxd4 {(=)} 1/2-1/2

[Event "OLNN 1617 Lübecker SV - SC Diogenes"]
[Site "?"]
[Date "2017.05.07"]
[Round "9.7"]
[White "Laqua, Christian"]
[Black "Krause, Ullrich"]
[Result "1/2-1/2"]
[WhiteElo "2109"]
[BlackElo "2214"]
[PlyCount "21"]
[EventDate "2017.??.??"]

1. c4 c6 2. Nf3 d5 3. b3 Bg4 4. Bb2 Bxf3 5. exf3 e6 6. Be2 Nf6 7. f4 Bd6 8. g3
Nbd7 9. O-O O-O 10. d3 Re8 11. Nd2 {(=)} 1/2-1/2

[Event "OLNN 1617 Lübecker SV - SC Diogenes"]
[Site "?"]
[Date "2017.05.07"]
[Round "9.8"]
[White "Frohberg, Marco"]
[Black "Neumann, Michael"]
[Result "1/2-1/2"]
[WhiteElo "2172"]
[BlackElo "2182"]
[PlyCount "85"]
[EventDate "2017.??.??"]

1. Nf3 g6 2. e4 Bg7 3. d4 c5 4. c3 cxd4 5. cxd4 d5 6. exd5 Nf6 7. Bb5+ Nbd7 8.
O-O a6 9. Bc4 Nb6 10. Bb3 O-O 11. Nc3 Nbxd5 12. Nxd5 Nxd5 13. Ne5 Be6 14. Re1
Qb6 15. Bxd5 Bxd5 16. Nd7 Qc6 17. Nxf8 Kxf8 18. f3 Qb6 19. Kh1 Bxd4 20. Bh6+
Kg8 21. Rxe7 Be6 22. Qa4 Qd8 23. Rxb7 Qf6 24. Qxa6 Rd8 25. Qb5 Be5 26. a4 g5
27. a5 Qf4 28. Kg1 Qd4+ 29. Kh1 Qf4 30. Qxe5 Qxe5 31. a6 Qe2 32. h3 Bd5 33. Rb4
f6 34. Rd4 Rb8 35. Rxd5 Rxb2 36. Rg1 Qxa6 37. Bxg5 fxg5 38. Rxg5+ Kf7 39. Rc1
Qb7 40. Rg4 Rb1 41. Rxb1 Qxb1+ 42. Kh2 Qb8+ 43. Kh1 1/2-1/2

[Event "OLNN 1617 SK Marmstorf - Agon Neumünste"]
[Site "?"]
[Date "2017.05.07"]
[Round "9.1"]
[White "Parvanyan, Ashot"]
[Black "Hebbinghaus, Holger"]
[Result "1/2-1/2"]
[WhiteElo "2397"]
[BlackElo "2262"]
[PlyCount "62"]
[EventDate "2017.??.??"]

1. Nf3 d5 2. g3 c6 3. Bg2 Bg4 4. c4 e6 5. O-O Nf6 6. d3 Nbd7 7. cxd5 exd5 8.
Nc3 Be7 9. Qc2 O-O 10. e4 Nc5 11. Ne5 Be6 12. exd5 Nxd5 13. d4 Nd7 14. Nxd5
Bxd5 15. Bxd5 cxd5 16. Qb3 Bf6 17. Nf3 Nb6 18. Bf4 Qd7 19. Qd3 Rac8 20. b3 Na8
21. Bg5 Bxg5 22. Nxg5 g6 23. h4 Nc7 24. Rfe1 Rfe8 25. Rac1 Rxe1+ 26. Rxe1 Re8
27. Rc1 Ne6 28. Nf3 Nf4 29. gxf4 Qg4+ 30. Kf1 Qh3+ 31. Kg1 Qg4+ 1/2-1/2

[Event "OLNN 1617 SK Marmstorf - Agon Neumünste"]
[Site "?"]
[Date "2017.05.07"]
[Round "9.2"]
[White "Hawellek, Jeronimo"]
[Black "Wulf von Moers, Jens"]
[Result "1-0"]
[WhiteElo "2304"]
[BlackElo "2183"]
[PlyCount "95"]
[EventDate "2017.??.??"]

1. d4 d5 2. c4 e6 3. Nc3 Nf6 4. cxd5 exd5 5. Bg5 Be7 6. e3 c6 7. Qc2 O-O 8. Bd3
Nbd7 9. Nf3 Re8 10. h3 Nf8 11. Ne5 c5 12. Bb5 Bd7 13. Nxd7 N8xd7 14. O-O-O Rc8
15. Bxf6 Bxf6 16. Qf5 cxd4 17. exd4 Re7 18. Rhe1 Nb6 19. Bd3 Re4 20. Bxe4 g6
21. Qf3 dxe4 22. Rxe4 Na4 23. Kb1 Rxc3 24. bxc3 Qb6+ 25. Kc2 Qb2+ 26. Kd3 Qxc3+
27. Ke2 Qc4+ 28. Qd3 Nc3+ 29. Ke1 Qc6 30. d5 Qd7 31. Kf1 Nxd1 32. Qxd1 Qd6 33.
g3 Kg7 34. Qb3 Qd7 35. Kg2 b5 36. a4 bxa4 37. Rxa4 h5 38. h4 Be5 39. Qa2 Qf5
40. Qc4 Qd7 41. Ra6 Qb7 42. Ra2 Qb8 43. Qe4 Qc7 44. Ra6 Kg8 45. Rc6 Qb8 46. d6
Bxd6 47. Qd5 Ba3 48. Rxg6+ 1-0

[Event "OLNN 1617 SK Marmstorf - Agon Neumünste"]
[Site "?"]
[Date "2017.05.07"]
[Round "9.3"]
[White "Menzel, Ralf"]
[Black "Mueller, Tobias"]
[Result "1/2-1/2"]
[WhiteElo "2178"]
[BlackElo "2144"]
[PlyCount "149"]
[EventDate "2017.??.??"]

1. e4 c5 2. Nf3 d6 3. Bb5+ Bd7 4. a4 Nc6 5. O-O g6 6. Re1 Bg7 7. c3 a6 8. Bxc6
bxc6 9. d4 cxd4 10. cxd4 Bg4 11. Nc3 Nf6 12. Be3 O-O 13. a5 Qc7 14. h3 Bxf3 15.
Qxf3 Nd7 16. Qe2 Rfb8 17. Qc4 e6 18. b4 c5 19. bxc5 dxc5 20. dxc5 Rc8 21. Rac1
Qxa5 22. Na4 Rab8 23. Rb1 Rb5 24. Rec1 Bf8 25. Qc2 Qc7 26. c6 Qxc6 27. Rxb5
Qxc2 28. Rxc2 Rxc2 29. Rb7 Nf6 30. Rb8 Kg7 31. Bd4 Bd6 32. Rb1 e5 33. Be3 Nxe4
34. Rb6 a5 35. f3 Nc3 36. Rxd6 Nxa4 37. Ra6 Nb2 38. f4 Nc4 39. Ba7 exf4 40.
Bd4+ Kf8 41. Bf6 Ke8 42. Ra7 Re2 43. Rc7 Re4 44. Kf2 a4 45. Ra7 a3 46. Kf3 Nd2+
47. Kf2 Nc4 48. Kf3 Re6 49. Bd4 g5 50. h4 h6 51. hxg5 hxg5 52. Ra5 Nd2+ 53. Kg4
Re4 54. Ra8+ Kd7 55. Bf6 f3+ 56. Kg3 f2 57. Kxf2 Rf4+ 58. Ke1 Rxf6 59. Kxd2
Rf2+ 60. Ke1 Ra2 61. Kf1 Ke6 62. Ra5 f5 63. Kg1 g4 64. g3 Ra1+ 65. Kg2 a2 66.
Ra8 Kd7 67. Ra6 Kc7 68. Ra8 Kb6 69. Ra3 Kc5 70. Ra8 f4 71. gxf4 Kd5 72. Ra4 g3
73. f5 Ke5 74. f6 Kxf6 75. Ra8 1/2-1/2

[Event "OLNN 1617 SK Marmstorf - Agon Neumünste"]
[Site "?"]
[Date "2017.05.07"]
[Round "9.4"]
[White "Ramme, Christoph"]
[Black "Kopylov, Luba"]
[Result "1-0"]
[WhiteElo "2161"]
[BlackElo "2124"]
[PlyCount "89"]
[EventDate "2017.??.??"]

1. d4 Nf6 2. c4 g6 3. Nf3 c6 4. Nc3 d5 5. cxd5 cxd5 6. Bf4 Bg7 7. e3 O-O 8. h3
Qa5 9. Bd3 Ne4 10. Qb3 Nxc3 11. bxc3 Nd7 12. O-O Nb6 13. Rfc1 Bf5 14. Bxf5 gxf5
15. Bc7 Rfc8 16. Bxb6 axb6 17. c4 e6 18. cxd5 Qxd5 19. Rxc8+ Rxc8 20. Qxd5 exd5
21. Rb1 Rc6 22. g3 Bf6 23. Rb5 Rd6 24. Ne5 f4 25. gxf4 Bh4 26. Kg2 Kg7 27. Rb1
Bd8 28. Kg3 f6 29. Nd3 f5 30. Ne5 Kf6 31. Rc1 Ke6 32. Rc8 b5 33. Rb8 b6 34. Rb7
h5 35. Kf3 h4 36. Ke2 Be7 37. Rb8 Bd8 38. Rc8 b4 39. Nd3 Kd7 40. Rc1 b5 41.
Nxb4 Ba5 42. Nd3 b4 43. Rc5 Bc7 44. Nxb4 Rb6 45. Rxc7+ 1-0

[Event "OLNN 1617 SK Marmstorf - Agon Neumünste"]
[Site "?"]
[Date "2017.05.07"]
[Round "9.5"]
[White "Neumann, Joachim"]
[Black "Mueller, Jan-Hendrik"]
[Result "1/2-1/2"]
[WhiteElo "2063"]
[BlackElo "2097"]
[PlyCount "103"]
[EventDate "2017.??.??"]

1. c4 e5 2. g3 Nf6 3. Bg2 c6 4. d4 exd4 5. Qxd4 d5 6. Nf3 Be7 7. cxd5 cxd5 8.
O-O Nc6 9. Qa4 O-O 10. Be3 Ng4 11. Bf4 Qb6 12. Nc3 Be6 13. Qb5 Bc5 14. Qxb6
axb6 15. a3 h6 16. Rad1 g5 17. Bc1 d4 18. Ne4 Bb3 19. Rde1 Bc2 20. h3 Bxe4 21.
hxg4 d3 22. e3 d2 23. Bxd2 Bd3 24. Bc3 Rfd8 25. Ne5 Nxe5 26. Bxe5 Bxf1 27. Kxf1
Rd7 28. Ke2 Re8 29. Bc3 Bf8 30. Rb1 Be7 31. Bb4 Rc7 32. Bd5 Rc2+ 33. Kf3 Rec8
34. Bxb7 R8c7 35. Be4 Rc1 36. Rxc1 Rxc1 37. b3 Bf8 38. Bxf8 Kxf8 39. Bd3 Ra1
40. a4 Ra2 41. Bc4 Ke7 42. e4 f6 43. Ke3 Kd6 44. f4 Rg2 45. Kf3 Rc2 46. Ke3
Rc3+ 47. Kf2 Kc5 48. e5 fxe5 49. fxe5 Kd4 50. e6 Re3 51. Bd5 Re5 52. Bc4
1/2-1/2

[Event "OLNN 1617 SK Marmstorf - Agon Neumünste"]
[Site "?"]
[Date "2017.05.07"]
[Round "9.6"]
[White "Hohlbein, Michael"]
[Black "Grohde, Wolfgang"]
[Result "1-0"]
[WhiteElo "2090"]
[BlackElo "2079"]
[PlyCount "55"]
[EventDate "2017.??.??"]

1. d4 d5 2. Bf4 Nf6 3. e3 c5 4. c3 Qb6 5. Qb3 c4 6. Qc2 Nc6 7. Nd2 g6 8. e4
dxe4 9. Nxc4 Qd8 10. O-O-O e6 11. f3 exf3 12. Nxf3 Nd5 13. Bg5 Qc7 14. Ne3 Nxe3
15. Bxe3 Bg7 16. h4 h5 17. Bd3 Ne7 18. Ne5 O-O 19. g4 hxg4 20. h5 Nf5 21. hxg6
fxg6 22. Qh2 Bxe5 23. dxe5 Qg7 24. Bxf5 gxf5 25. Bh6 Qh7 26. Qh5 b6 27. Qg5+
Kf7 28. Qf6+ 1-0

[Event "OLNN 1617 SK Marmstorf - Agon Neumünste"]
[Site "?"]
[Date "2017.05.07"]
[Round "9.7"]
[White "Maass, Joerg"]
[Black "Diekmann, Jens"]
[Result "1/2-1/2"]
[WhiteElo "2141"]
[BlackElo "2063"]
[PlyCount "102"]
[EventDate "2017.??.??"]

1. d4 Nf6 2. c4 e6 3. Nc3 Bb4 4. Qc2 O-O 5. e4 d6 6. Bd3 e5 7. a3 Bxc3+ 8. bxc3
Nc6 9. Ne2 Ne7 10. O-O Nh5 11. f4 Nxf4 12. Nxf4 exf4 13. Bxf4 Ng6 14. Be3 Be6
15. Rf3 b6 16. Raf1 Qe7 17. Qd2 Rae8 18. Qf2 Qh4 19. Rg3 Qe7 20. h4 h5 21. Bg5
Qd7 22. Be2 Kh7 23. Bxh5 Bxc4 24. Be2 Bxe2 25. Qxe2 Qe6 26. h5 Ne7 27. h6 g6
28. Rf6 Qb3 29. Qf1 Ng8 30. d5 Re7 31. Rff3 Rd7 32. c4 Qb2 33. Rf2 Qe5 34. Bf4
Qxe4 35. Qa1 f6 36. Qc3 Rdf7 37. Re3 Qb1+ 38. Re1 Qf5 39. Bxd6 Qg5 40. Bxf8
Rxf8 41. Qb4 Rf7 42. Qa4 Nxh6 43. Qe8 Kg7 44. Qc8 Ng4 45. Re8 Qc1+ 46. Rf1 Qxc4
47. Rg8+ Kh6 48. Rh8+ Kg5 49. Qe6 Qc5+ 50. Kh1 Re7 51. Qc6 Qxa3 1/2-1/2

[Event "OLNN 1617 SK Marmstorf - Agon Neumünste"]
[Site "?"]
[Date "2017.05.07"]
[Round "9.8"]
[White "Peschke, Matthias"]
[Black "Parvanyan, Alfred"]
[Result "0-1"]
[WhiteElo "1968"]
[BlackElo "2099"]
[PlyCount "105"]
[EventDate "2017.??.??"]

1. c4 g6 2. g3 Bg7 3. Bg2 e5 4. Nc3 Ne7 5. e3 d6 6. Nge2 O-O 7. O-O Nbc6 8. d3
Be6 9. Rb1 a5 10. h3 d5 11. Qb3 dxc4 12. dxc4 Qd3 13. Rd1 Qxc4 14. Qxc4 Bxc4
15. b3 Ba6 16. Ba3 Rfd8 17. Bf1 Bd3 18. Rbc1 b5 19. Bxe7 Nxe7 20. Nb1 c6 21.
Nec3 Bxf1 22. Kxf1 f5 23. a4 b4 24. Ne2 Kf7 25. Nd2 Rd3 26. Rc2 Rad8 27. Ke1
Nd5 28. Rdc1 Ne7 29. Nc4 Ra8 30. Nd2 e4 31. Rc5 Rd5 32. Nf4 Rxc5 33. Rxc5 Bc3
34. Ne2 Bxd2+ 35. Kxd2 Ke6 36. Nd4+ Kd6 37. Rc4 Rc8 38. f3 exf3 39. Nxf3 Nd5
40. e4 fxe4 41. Rxe4 Rf8 42. Ne5 Nb6 43. Re2 Rf5 44. Nd3 c5 45. Nb2 Rf3 46. Re3
Rf2+ 47. Re2 Rf1 48. Kd3 Kd5 49. Ke3 c4 50. Rd2+ Kc5 51. bxc4 Nxc4+ 52. Nxc4
Kxc4 53. Rd7 0-1

[Event "OLNN 1617 Königsspringer - Schachfreund"]
[Site "?"]
[Date "2017.05.07"]
[Round "9.1"]
[White "Sawatzki, Frank"]
[Black "Pfreundt, Jakob"]
[Result "1/2-1/2"]
[WhiteElo "2380"]
[BlackElo "2388"]
[PlyCount "83"]
[EventDate "2017.??.??"]

1. e4 c5 2. Nf3 Nc6 3. d4 cxd4 4. Nxd4 Nf6 5. Nc3 e5 6. Ndb5 d6 7. Bg5 a6 8.
Na3 Be6 9. Nc4 Rb8 10. a4 Nb4 11. Nd5 Nbxd5 12. exd5 Bf5 13. Bd3 Bg6 14. O-O
Be7 15. a5 O-O 16. Bxf6 Bxf6 17. Bxg6 hxg6 18. Ra3 Qc7 19. Nb6 e4 20. c3 Rfe8
21. Re1 Re5 22. Ra4 Rbe8 23. Rc4 Qe7 24. Re2 g5 25. Qa4 g4 26. Nd7 Rxd5 27. g3
Rd8 28. Nxf6+ Qxf6 29. Rcxe4 Qf5 30. Rxg4 Rxa5 31. Re8+ Rxe8 32. Qxe8+ Kh7 33.
Qe4 Qxe4 34. Rxe4 Kg6 35. Kf1 Rc5 36. Ke2 Kf6 37. Kd3 a5 38. b4 axb4 39. Rxb4
b5 40. f3 Rh5 41. h4 Ke6 42. Re4+ 1/2-1/2

[Event "OLNN 1617 Königsspringer - Schachfreund"]
[Site "?"]
[Date "2017.05.07"]
[Round "9.2"]
[White "Zimmermann, Julian"]
[Black "Bokelbrink, Uwe"]
[Result "1-0"]
[WhiteElo "2302"]
[BlackElo "2304"]
[PlyCount "85"]
[EventDate "2017.??.??"]

1. e4 c5 2. Nf3 Nc6 3. c3 e5 4. Bc4 Nf6 5. d3 Be7 6. O-O O-O 7. Re1 d6 8. Bg5
Ne8 9. Bxe7 Qxe7 10. Nbd2 Na5 11. Bd5 Rb8 12. b4 cxb4 13. cxb4 Nc6 14. b5 Nd8
15. Qa4 b6 16. d4 Nf6 17. Qa3 Nxd5 18. exd5 Qd7 19. Nc4 Qxb5 20. Qxd6 Rb7 21.
Ncxe5 f6 22. Nc6 Nxc6 23. dxc6 Rbf7 24. d5 Qc4 25. Nd2 Qd4 26. Nb3 Qb2 27. Qg3
a5 28. Qd3 Rd8 29. d6 Qa3 30. d7 Bxd7 31. cxd7 Rfxd7 32. Qc4+ Kf8 33. Qc1 Qb4
34. Rb1 Rd3 35. h3 Qh4 36. Qc7 R3d6 37. Rb2 Qb4 38. Rbe2 a4 39. Qe7+ Kg8 40.
Nd2 Qf4 41. Nf3 b5 42. Qb7 f5 43. Re8+ 1-0

[Event "OLNN 1617 Königsspringer - Schachfreund"]
[Site "?"]
[Date "2017.05.07"]
[Round "9.3"]
[White "Ritscher, Jan-Paul"]
[Black "Harder, Clemens"]
[Result "0-1"]
[WhiteElo "2236"]
[BlackElo "2168"]
[PlyCount "82"]
[EventDate "2017.??.??"]

1. d4 d5 2. Bf4 Nf6 3. e3 Bf5 4. c4 c6 5. Nc3 e6 6. Qb3 Qc8 7. Rc1 Nbd7 8. f3
h6 9. g4 Bg6 10. h4 Nb6 11. c5 Nbd7 12. Be2 Be7 13. Bg3 Bd8 14. Kf2 Bc7 15.
Bxc7 Qxc7 16. Qa3 e5 17. Nh3 exd4 18. exd4 h5 19. g5 Ng8 20. Nd1 Ne7 21. Qe3
Nf8 22. Nc3 Ne6 23. Bd3 Bxd3 24. Qxd3 g6 25. Ng1 Nf5 26. Nge2 O-O 27. Qd2 Rfe8
28. Rh3 Re7 29. b4 a6 30. Rb1 Rae8 31. a4 b6 32. Rb2 Qa7 33. a5 bxc5 34. dxc5
Nxc5 35. bxc5 Qxc5+ 36. Kg2 Ne3+ 37. Kh1 Nc4 38. Qc2 Nxb2 39. Qxb2 Qf2 40. Rh2
Qxf3+ 41. Kg1 d4 0-1